000 01525nam0a22003371 4500
001 rc\2177637
005 20110829162529.1
035 _a(NLR Aleph) 006509484
090 _a6315062
_c6315062
100 _a20110829d1979 |||y0rusy50 ca
101 0 _arus
102 _aRU
105 _aa z |||||
200 1 _aИзучение структуры и свойств металлических сплавов
_eУчеб. пособие
_f[Составлено К.М. Строевой, В.И. Устименко, А.И. Ермак и др.
_gОтв. ред. Ю.Г. Дорофеев]
210 _aНовочеркасск
_cНПИ
_d1979
215 _a69 с.
_cил.
_d20
300 _aВ надзаг.: Новочерк. политехн. ин-т им. Серго Орджоникидзе
300 _aСост. указаны на обороте тит. л.
320 _aБиблиогр.: с. 68 (5 назв.)
606 _aСплавы
_xСтруктура
_2psbo
606 _aСплавы
_xДиаграммы состояния
_2psbo
702 1 _aЕрмак
_bА. И.
_4220
702 1 _aДорофеев
_bЮ. Г.
_gЮрий Григорьевич
_4340
702 1 _aУстименко
_bВ. И.
_4220
702 1 _aСтроевая
_bК. М.
_4220
712 0 2 _aНовочеркасский политехнический институт им. С. Орджоникидзе
_3RU\NLR\AUTH\8818046
801 0 _aRU
_bNLR
_gpsbo
801 1 _aRU
_bELAR
_2rusmarc
852 _aNLR
_j79-4/24300
942 _cBOOK
980 _aNB